000 00887cam a2200229 4500
001 WB3906-22
008 030211n2003 000 0 eng u
035 _a(Sirsi) u121327
245 _aScots' organic plan
260 _c2003
490 _aFarmers' Weekly
_v138(6) 7 February 2003, 10(1)
490 _aScottish Executive Press Release
_v
520 _aAn action plan to double the area of organic production, and which aims to make Scotland 70% self-sufficient in home-produced food, was launched on 4 February by the Scottish Executive. Scottish Executive press release http://www.gnn.gov.uk/gnn/national.nsf/Today's+Releases+Frame/92AC867AF661818A80256CCC0036D837?opendocument.
590 _aWB
650 _aORGANIC FOOD PRODUCTION
650 _aSCOTLAND
650 _aORGANIC FOOD
650 _aGRANTS
650 _aACTION PLAN
690 _aRural
_96268
942 _n0
999 _c72097
_d72097